000 00602nam a2200217Ii 4500
003 JO-AjNU
008 230606s9999||||xx |||||||||||||| ||und||
020 _a978-0-07-128043-3
040 _aJO-AjNU
_beng
_erda
_cJO-AjNU
041 _aeng
050 1 4 _aT58.6.O26.2009
100 3 _aMaraks,Obrien,
_eauthor
_91143
245 0 0 _amanagement information system
250 _a9 ed
264 3 1 _aLondon:Mcgraw hill,2009
300 _a658p
336 _atext
_btxt
_2rdacontent
337 _aunmediated
_bn
_2rdamedia
338 _avolume
_bnc
_2rdacarrier
650 4 _amanagement information system
_91144
999 _aE598
_c598
_d598